| 000 | 00453nam a2200157 i 4500 | ||
|---|---|---|---|
| 001 | 35606 | ||
| 003 | ES-MaACL | ||
| 005 | 20230906155149.0 | ||
| 007 | t| | ||
| 008 | 030213s1919 fr ||||1| fre d | ||
| 100 | 1 |
_aBréal, Auguste. _931535 |
|
| 245 | 1 | 0 |
_aVelázquez / _cAuguste Bréal ; avec huit phototypies et un fac-simile. |
| 260 |
_aParis : _b[s.n., _c1919] ( _fF. Paillart) |
||
| 300 |
_a227 p., 8 grab. ; _c19 cm. |
||
| 852 |
_aES-MaACL _jF-10325 |
||
| 999 |
_c35606 _d35606 |
||